|
|
|
|
| LEADER |
01174nam a2200265 a 4500 |
| 001 |
4875 |
| 003 |
BD-DhAAL |
| 008 |
100125s1992 dcua b 000 0 eng d |
| 999 |
|
|
|c 7182
|d 7182
|
| 020 |
|
|
|a 082132232X
|
| 040 |
|
|
|a BD-DhAAL
|c BD-DhAAL
|
| 082 |
0 |
0 |
|a 332.1532
|2 20
|
| 245 |
1 |
0 |
|a The World Bank and the environment :
|b fiscal 1992 /
|c World Bank.
|
| 260 |
|
|
|a Washington, D.C. :
|b World Bank,
|c 1992.
|
| 300 |
|
|
|a viii, 152 pages:
|b illustrations ;
|c 23 cm.
|
| 504 |
|
|
|a Includes bibliographical references.
|
| 541 |
1 |
|
|a Donated By Akbar Ali Khan
|e 4875, 38079
|
| 610 |
2 |
4 |
|a World Bank.
|9 46878
|
| 650 |
|
0 |
|a Economic development
|x Environmental aspects.
|9 46879
|
| 650 |
|
0 |
|a Environmental policy.
|9 46880
|
| 710 |
2 |
|
|a World Bank.
|9 46878
|
| 852 |
4 |
|
|a Ayesha Abed Library
|c General Stacks
|
| 942 |
|
|
|2 ddc
|c BK
|
| 952 |
|
|
|0 0
|1 0
|2 ddc
|4 0
|6 332_153200000000000_WOR_1992
|7 0
|9 7469
|a BRACUL
|b BRACUL
|c GEN
|d 2010-01-26
|g 0.00
|l 0
|o 332.1532 WOR
|p 3010004875
|r 2010-01-26
|t 1
|w 2010-01-26
|y BK
|z Not price in Register
|
| 952 |
|
|
|0 0
|1 0
|2 ddc
|4 0
|6 332_153200000000000_WOR
|7 1
|9 70116
|a BRACUL
|b BRACUL
|c CS1
|d 2022-03-13
|e Donated by Akbar Ali Khan
|l 0
|o 332.1532 WOR
|p 3010038079
|r 2022-03-13
|t 2
|w 2022-03-13
|y BK
|